[Event "ECU-ch"]
[Site "Quito"]
[Date "2023.06.23"]
[Round "5"]
[White "Munoz Sanchez, Jhon Marcelo"]
[Black "Nagua Valladares, Kevin Joel"]
[Result "1-0"]
[WhiteElo "2132"]
[BlackElo "1254"]
[PlyCount "38"]
[EventDate "2023.06.21"]
[EventType "swiss"]
[EventRounds "9"]
[EventCountry "ECU"]
[SourceTitle "CBM 215 Extra"]
[Source "ChessBase"]
[SourceDate "2023.09.30"]
[SourceVersion "1"]
[SourceVersionDate "2023.09.30"]
[SourceQuality "1"]

1. d4 Nf6 2. c4 g6 3. Nc3 Bg7 4. e4 d6 5. Nf3 0-0 6. Be2 e5 7. d5 a5 8. Bg5 Na6 9. Nd2 Qe8 10. a3 Bd7 11. b3 h6 12. Be3 Nh7 13. Rb1 b5 14. f3 b4 15. Na2 g5 16. axb4 axb4 17. Qc2 h5 18. c5 Qb8 19. cxd6 cxd6 1-0

[Event "Las Americas Team op U2400 Hybrid"]
[Site "Internet"]
[Date "2022.05.14"]
[Round "3.2"]
[White "Munoz Sanchez, Jhon Marcelo"]
[Black "Ortega Beltran, Ximena"]
[Result "1-0"]
[WhiteElo "2205"]
[BlackElo "1788"]
[PlyCount "75"]
[EventDate "2022.05.14"]
[EventType "team-swiss"]
[EventRounds "5"]
[EventCountry "VEN"]
[SourceTitle "EXT 2023"]
[Source "ChessBase"]
[SourceDate "2022.10.05"]
[SourceVersion "1"]
[SourceVersionDate "2022.10.05"]
[SourceQuality "1"]

1. d4 c5 2. d5 e6 3. c4 d6 4. e4 exd5 5. cxd5 g6 6. Nc3 Bg7 7. Nf3 Nf6 8. Bd3 0-0 9. 0-0 Bg4 10. h3 Bxf3 11. Qxf3 a6 12. a4 Nbd7 13. Qd1 Ne5 14. Be2 Nh5 15. Bxh5 gxh5 16. Qxh5 Kh8 17. Bh6 Rg8 18. Bxg7+ Rxg7 19. f4 Nd3 20. e5 Qb6 21. Qe2 Rag8 22. g4 dxe5 23. a5 Qa7 24. fxe5 h5 25. Rf5 c4+ 26. Kh2 hxg4 27. Rh5+ Rh7 28. Rxh7+ Kxh7 29. Ne4 Nf4 30. Qd2 Nh5 31. Rf1 g3+ 32. Kg2 Rg7 33. Rf5 Kg8 34. Rxh5 Rg6 35. Nf6+ Kg7 36. Rh7+ Kf8 37. Rh8+ Kg7 38. Rg8# 1-0

[Event "ECU-ch"]
[Site "Salinas"]
[Date "2021.12.17"]
[Round "3"]
[White "Munoz Sanchez, Jhon Marcelo"]
[Black "Viscaino Yanez, Jhonny Cesar"]
[Result "0-1"]
[WhiteElo "2226"]
[BlackElo "1906"]
[PlyCount "122"]
[EventDate "2021.12.16"]
[EventType "swiss"]
[EventRounds "7"]
[EventCountry "ECU"]
[SourceTitle "EXT 2023"]
[Source "ChessBase"]
[SourceDate "2022.10.05"]
[SourceVersion "1"]
[SourceVersionDate "2022.10.05"]
[SourceQuality "1"]

1. d4 Nf6 2. c4 e6 3. Nf3 b6 4. g3 Bb7 5. Bg2 Be7 6. 0-0 0-0 7. Nc3 d5 8. Ne5 Qc8 9. cxd5 Nxd5 10. Nxd5 Bxd5 11. Bxd5 exd5 12. Bf4 Qe6 13. Rc1 c5 14. dxc5 bxc5 15. b3 g5 16. Nd3 gxf4 17. Nxf4 Qe5 18. Qxd5 Qxd5 19. Nxd5 Nc6 20. Nxe7+ Nxe7 21. Rxc5 Rfd8 22. Rfc1 a5 23. R1c4 Rd2 24. Ra4 Nd5 25. e3 Nb6 26. Rcxa5 Rc8 27. Rf4 Nd5 28. Rc4 Rxc4 29. bxc4 Nc3 30. a3 Rc2 31. Rf5 Nb1 32. Kg2 Nxa3 33. c5 Nc4 34. Kf3 Nd2+ 35. Kg2 Ne4 36. Rf4 Nxc5 37. h4 h6 38. Rf5 Nd3 39. g4 Kg7 40. Kg3 Rc5 41. Rf3 Rc4 42. Rf5 Rc5 43. Rf3 f6 44. e4 Rc3 45. Re3 Nc5 46. Kf3 Rxe3+ 47. Kxe3 Ne6 48. f4 h5 49. g5 Nf8 50. Kf3 Ng6 51. Kg3 Ne7 52. Kf3 f5 53. Ke3 fxe4 54. Kxe4 Kg6 55. Ke5 Nf5 56. Ke4 Nxh4 57. Ke5 Nf5 58. Ke4 h4 59. Kf3 Kh5 60. g6 Kxg6 61. Kg4 Kh6 0-1

[Event "ECU-ch"]
[Site "Salinas"]
[Date "2021.12.16"]
[Round "2"]
[White "Esmeraldas Huachi, Anderson Yahir"]
[Black "Munoz Sanchez, Jhon Marcelo"]
[Result "1/2-1/2"]
[WhiteElo "2056"]
[BlackElo "2226"]
[PlyCount "77"]
[EventDate "2021.12.16"]
[EventType "swiss"]
[EventRounds "7"]
[EventCountry "ECU"]
[SourceTitle "EXT 2023"]
[Source "ChessBase"]
[SourceDate "2022.10.05"]
[SourceVersion "1"]
[SourceVersionDate "2022.10.05"]
[SourceQuality "1"]

1. d4 d5 2. Nf3 Nf6 3. e3 c5 4. c3 cxd4 5. exd4 Nc6 6. Bd3 Bg4 7. 0-0 e6 8. Bg5 Be7 9. Nbd2 0-0 10. h3 Bh5 11. Qc2 Bg6 12. Bxg6 hxg6 13. Rae1 b5 14. Qd3 b4 15. Ne5 Rc8 16. Bxf6 Bxf6 17. Nxc6 Rxc6 18. cxb4 Qb6 19. b5 Rc7 20. Nf3 Rfc8 21. a4 Rc2 22. Rb1 Qd6 23. Qa3 Qb6 24. Ne5 Qxd4 25. Nc6 Qb6 26. Rbc1 Bxb2 27. Qb4 R8xc6 28. bxc6 Qxb4 29. Rxc2 Qxa4 30. Rxb2 Qxc6 31. Ra2 g5 32. Rxa7 Qc4 33. Rb1 g6 34. Rbb7 Qc1+ 35. Kh2 Qf4+ 36. Kg1 e5 37. Rd7 Qc1+ 38. Kh2 Qf4+ 39. Kg1 1/2-1/2

[Event "ECU-ch"]
[Site "Banos de Agua Santa"]
[Date "2020.03.12"]
[Round "5"]
[White "Munoz Sanchez, Jhon Marcelo"]
[Black "Noboa Silva, Kevin Omar"]
[Result "1/2-1/2"]
[WhiteElo "2220"]
[BlackElo "2329"]
[PlyCount "43"]
[EventDate "2020.03.10"]
[EventType "swiss"]
[EventRounds "9"]
[EventCountry "ECU"]
[SourceTitle "CBM 195 Extra"]
[Source "ChessBase"]
[SourceDate "2020.05.31"]
[SourceVersion "1"]
[SourceVersionDate "2020.05.31"]
[SourceQuality "1"]

1. Nf3 Nf6 2. c4 c5 3. Nc3 b6 4. d4 cxd4 5. Qxd4 Nc6 6. Qd2 e6 7. e3 Be7 8. b3 Bb7 9. Bb2 a6 10. Be2 0-0 11. 0-0 Qb8 12. Rac1 Rd8 13. a3 d5 14. cxd5 Nxd5 15. Nxd5 Rxd5 16. Qc2 Qf8 17. b4 Rc8 18. Qb3 b5 19. Rfd1 Rxd1+ 20. Rxd1 Rd8 21. Rxd8 Qxd8 22. Qd3 1/2-1/2

[Event "Guayaquil zt 2.4"]
[Site "Guayaquil"]
[Date "2019.04.11"]
[Round "4"]
[White "Munoz Sanchez, Jhon Marcelo"]
[Black "Santiago, Yago de Moura"]
[Result "0-1"]
[WhiteElo "2223"]
[BlackElo "2472"]
[PlyCount "112"]
[EventDate "2019.04.09"]
[EventType "swiss"]
[EventRounds "9"]
[EventCountry "ECU"]
[SourceTitle "CBM 189 Extra"]
[Source "ChessBase"]
[SourceDate "2019.05.31"]
[SourceVersion "1"]
[SourceVersionDate "2019.05.31"]
[SourceQuality "1"]

1. d4 Nf6 2. c4 c5 3. d5 b5 4. cxb5 a6 5. b6 d6 6. Nc3 Nbd7 7. a4 Qxb6 8. a5 Qd8 9. e4 g6 10. Nf3 Bg7 11. h3 0-0 12. Bc4 Ne8 13. 0-0 Nc7 14. Qe2 Rb8 15. Bf4 Rb4 16. Rab1 Nf6 17. Na2 Rb8 18. b4 Nd7 19. e5 dxe5 20. Nxe5 Nxe5 21. Bxe5 Bxe5 22. Qxe5 Bf5 23. Rb3 Qd6 24. Re1 Nb5 25. Qxe7 Qf4 26. Bxb5 Rxb5 27. Rf3 Qd4 28. bxc5 Rxc5 29. Nb4 Qxb4 30. Rxf5 Qxa5 31. Rf6 Rxd5 32. Rc1 Rf5 33. Rcc6 Rxf6 34. Qxf6 Qe1+ 35. Kh2 a5 36. Rc7 Qb4 37. g3 Qb8 38. Rc5 Qa7 39. Re5 a4 40. Re7 Qc5 41. h4 h5 42. Re4 Ra8 43. Re5 Qc4 44. Qf3 Qa6 45. Re7 Rf8 46. Qe3 Qc6 47. Ra7 Ra8 48. Qe7 Rxa7 49. Qxa7 Qc4 50. Qb8+ Kh7 51. Qe5 a3 52. Qf6 a2 53. Qb2 Qa4 54. Qa1 Kg8 55. Kg2 Qb3 56. Qd4 Qb1 0-1

[Event "Guayaquil zt 2.4"]
[Site "Guayaquil"]
[Date "2019.04.10"]
[Round "3"]
[White "Cruz, Cristhian"]
[Black "Munoz Sanchez, Jhon Marcelo"]
[Result "1/2-1/2"]
[WhiteElo "2569"]
[BlackElo "2223"]
[PlyCount "62"]
[EventDate "2019.04.09"]
[EventType "swiss"]
[EventRounds "9"]
[EventCountry "ECU"]
[SourceTitle "CBM 189 Extra"]
[Source "ChessBase"]
[SourceDate "2019.05.31"]
[SourceVersion "1"]
[SourceVersionDate "2019.05.31"]
[SourceQuality "1"]

1. d4 d5 2. c4 e6 3. Nf3 Be7 4. e3 Nf6 5. Nc3 0-0 6. Bd3 dxc4 7. Bxc4 c5 8. 0-0 a6 9. a4 Nc6 10. Bd3 cxd4 11. exd4 Nb4 12. Bc4 b6 13. Qe2 Bb7 14. Rd1 Nbd5 15. Ne5 Qd6 16. Bd2 Rfd8 17. Rac1 Bf8 18. Bg5 Be7 19. Re1 Nxc3 20. bxc3 Nd5 21. Bd2 Bf6 22. Ng4 Be7 23. Bd3 Nf4 24. Bxf4 Qxf4 25. Ne5 Bd6 26. g3 Qf6 27. Nc4 Bc7 28. Rb1 Rab8 29. Ne3 Bf3 30. Qc2 h5 31. Bxa6 g6 1/2-1/2

[Event "Guayaquil zt 2.4"]
[Site "Guayaquil"]
[Date "2019.04.09"]
[Round "1"]
[White "Esmeraldas Huachi, Anderson Yahir"]
[Black "Munoz Sanchez, Jhon Marcelo"]
[Result "1/2-1/2"]
[WhiteElo "1781"]
[BlackElo "2223"]
[PlyCount "48"]
[EventDate "2019.04.09"]
[EventType "swiss"]
[EventRounds "9"]
[EventCountry "ECU"]
[SourceTitle "CBM 189 Extra"]
[Source "ChessBase"]
[SourceDate "2019.05.31"]
[SourceVersion "1"]
[SourceVersionDate "2019.05.31"]
[SourceQuality "1"]

1. d4 d5 2. c4 e6 3. Nc3 Be7 4. Nf3 Nf6 5. Bf4 0-0 6. e3 c5 7. Bd3 dxc4 8. Bxc4 a6 9. a4 Nc6 10. 0-0 cxd4 11. Nxd4 Nxd4 12. exd4 Bd7 13. d5 exd5 14. Nxd5 Nxd5 15. Bxd5 Bc6 16. Bxc6 bxc6 17. Qc2 Bf6 18. Qxc6 Bxb2 19. Rad1 Qf6 20. Qxf6 Bxf6 21. Rd7 Rfd8 22. Rfd1 Rxd7 23. Rxd7 Rd8 24. Rxd8+ Bxd8 1/2-1/2

[Event "Olympiad-43"]
[Site "Batumi"]
[Date "2018.10.05"]
[Round "11.4"]
[White "Munoz Sanchez, Jhon Marcelo"]
[Black "Cardoso Cardoso, Jose Gabriel"]
[Result "1/2-1/2"]
[WhiteElo "2230"]
[BlackElo "2313"]
[PlyCount "68"]
[EventDate "2018.09.24"]
[EventType "team-swiss"]
[EventRounds "11"]
[EventCountry "GEO"]
[SourceTitle "CBM 187"]
[Source "ChessBase"]
[SourceDate "2018.12.11"]
[SourceVersion "1"]
[SourceVersionDate "2018.12.11"]
[SourceQuality "1"]
[WhiteTeam "Ecuador"]
[BlackTeam "Colombia"]
[WhiteTeamCountry "ECU"]
[BlackTeamCountry "COL"]

1. d4 Nf6 2. c4 e6 3. Nf3 Bb4+ 4. Bd2 a5 5. g3 b6 6. Bg2 Bb7 7. 0-0 0-0 8. Bf4 Be7 9. Qc2 Be4 10. Qc1 c6 11. Nc3 Bxf3 12. Bxf3 d5 13. e4 dxc4 14. d5 Bc5 15. dxe6 fxe6 16. Na4 Nbd7 17. Qxc4 Qe7 18. Nxc5 Nxc5 19. Rfd1 Rad8 20. b4 axb4 21. Qxb4 e5 22. Be3 Rxd1+ 23. Rxd1 Qf7 24. a4 Nd5 25. exd5 Qxf3 26. Rf1 Nd3 27. Qc4 Qxd5 28. Qxd5+ cxd5 29. Bxb6 Nb2 30. Bc7 Nc4 31. Re1 Re8 32. a5 Re7 33. Bb8 Re8 34. Bc7 Re7 1/2-1/2

[Event "ECU pre olympic"]
[Site "Duran"]
[Date "2016.05.14"]
[Round "9"]
[White "Munoz Sanchez, Jhon Marcelo"]
[Black "Noboa Silva, Kevin Omar"]
[Result "1-0"]
[WhiteElo "2253"]
[BlackElo "2126"]
[PlyCount "119"]
[EventDate "2016.05.09"]
[EventType "tourn"]
[EventRounds "11"]
[EventCountry "ECU"]
[SourceTitle "CBM 172 Extra"]
[Source "ChessBase"]
[SourceDate "2016.06.21"]
[SourceVersion "1"]
[SourceVersionDate "2016.06.21"]
[SourceQuality "1"]

1. d4 e6 2. c4 Bb4+ 3. Nc3 c5 4. Nf3 Nf6 5. g3 b6 6. Bg2 Bb7 7. 0-0 cxd4 8. Qxd4 0-0 9. Rd1 Nc6 10. Qd3 Rc8 11. a3 Bxc3 12. Qxc3 Na5 13. b3 Ne4 14. Qe3 Nc5 15. Nd2 Bxg2 16. Kxg2 Na6 17. Bb2 Qe7 18. Rac1 Nb7 19. b4 Nd6 20. Qe5 f6 21. Qe3 Nb8 22. Qd3 Rfd8 23. Ne4 Nxe4 24. Qxe4 d6 25. f4 a6 26. f5 e5 27. Rd5 Qb7 28. Rxe5 Qxe4+ 29. Rxe4 Re8 30. Kf3 Rxe4 31. Kxe4 Re8+ 32. Kd3 Nc6 33. e3 Kf7 34. Bd4 Rb8 35. e4 Ke7 36. g4 h6 37. h4 Kd7 38. g5 hxg5 39. hxg5 Rh8 40. Re1 Nxd4 41. Kxd4 fxg5 42. Rg1 Rh5 43. a4 Ke7 44. a5 bxa5 45. bxa5 Kf6 46. Kd5 Rh4 47. Re1 Rh2 48. Kxd6 Rd2+ 49. Kc6 Ke5 50. c5 Rb2 51. Kc7 Rb5 52. c6 Rxa5 53. Kd7 Ra2 54. Rc1 Rd2+ 55. Ke7 Rh2 56. c7 Rh8 57. c8Q Rxc8 58. Rxc8 Kxe4 59. Ke6 g4 60. Ra8 1-0

[Event "ECU pre olympic"]
[Site "Duran"]
[Date "2016.05.10"]
[Round "3"]
[White "Munoz Sanchez, Jhon Marcelo"]
[Black "Munoz Sanchez, Miguel Angel"]
[Result "1/2-1/2"]
[WhiteElo "2253"]
[BlackElo "2309"]
[PlyCount "27"]
[EventDate "2016.05.09"]
[EventType "tourn"]
[EventRounds "11"]
[EventCountry "ECU"]
[SourceTitle "CBM 172 Extra"]
[Source "ChessBase"]
[SourceDate "2016.06.21"]
[SourceVersion "1"]
[SourceVersionDate "2016.06.21"]
[SourceQuality "1"]

1. e4 e6 2. d4 d5 3. exd5 exd5 4. Nf3 Bd6 5. Bd3 Nc6 6. c3 Bg4 7. 0-0 Qd7 8. Re1+ Nge7 9. b4 0-0 10. Nbd2 Rae8 11. Qc2 Bf5 12. Nf1 Bxd3 13. Qxd3 Qf5 14. Qxf5 1/2-1/2

[Event "Olympiad-40"]
[Site "Istanbul"]
[Date "2012.09.09"]
[Round "11.4"]
[White "Munoz Sanchez, Jhon Marcelo"]
[Black "Alfaro Rojas, Alfonso Jose"]
[Result "0-1"]
[WhiteElo "2262"]
[BlackElo "2239"]
[PlyCount "104"]
[EventDate "2012.08.28"]
[EventType "team-swiss"]
[EventRounds "11"]
[EventCountry "TUR"]
[SourceTitle "CBM 151"]
[Source "ChessBase"]
[SourceDate "2012.11.13"]
[SourceVersion "1"]
[SourceVersionDate "2012.11.13"]
[SourceQuality "1"]
[WhiteTeam "Ecuador"]
[BlackTeam "Costa Rica"]
[WhiteTeamCountry "ECU"]
[BlackTeamCountry "CRI"]

1. d4 d5 2. Nf3 Nf6 3. c4 c6 4. Nc3 e6 5. e3 Nbd7 6. Bd3 dxc4 7. Bxc4 b5 8. Bd3 a6 9. 0-0 c5 10. Qe2 Bb7 11. Rd1 Qc7 12. a3 cxd4 13. exd4 Bd6 14. h3 0-0 15. Be3 Rac8 16. Rac1 Qb8 17. a4 b4 18. Nb1 a5 19. Nbd2 Nb6 20. Bb5 Rxc1 21. Rxc1 Rc8 22. Nb3 Rxc1+ 23. Bxc1 Bd5 24. Nc5 Qc7 25. Be3 Nfd7 26. Ng5 h6 27. Nge4 Be7 28. f3 Bxe4 29. Nxe4 Nf6 30. Nc5 Nfd5 31. Bf2 Bd6 32. Qe4 Qe7 33. Bd3 g6 34. Bb5 Nf4 35. h4 Nbd5 36. Bc6 Qc7 37. Bb5 Kg7 38. Kh1 Nh5 39. Bd3 Bg3 40. Nxe6+ fxe6 41. Qxg6+ Kf8 42. Qxh6+ Ke7 43. Qxh5 Bxf2 44. Qg5+ Kd7 45. h5 Bxd4 46. b3 Qc3 47. Bb5+ Kc7 48. Qg3+ Kb7 49. Qh4 Qc1+ 50. Kh2 Qg1+ 51. Kh3 Qh1+ 52. Kg4 Ne3+ 0-1

[Event "Guayaquil pre olympic"]
[Site "Guayaquil"]
[Date "2012.03.24"]
[Round "3"]
[White "Munoz Sanchez, Jhon Marcelo"]
[Black "Santos Flores, Alberto Javier"]
[Result "1/2-1/2"]
[WhiteElo "2216"]
[BlackElo "2283"]
[PlyCount "50"]
[EventDate "2012.03.23"]
[EventType "tourn"]
[EventRounds "5"]
[EventCountry "ECU"]
[SourceTitle "EXT 2014"]
[Source "ChessBase"]
[SourceDate "2013.11.20"]
[SourceVersion "1"]
[SourceVersionDate "2013.11.20"]
[SourceQuality "1"]

1. d4 d5 2. c4 c6 3. Nc3 Nf6 4. Nf3 dxc4 5. a4 Bf5 6. Ne5 Nbd7 7. Nxc4 Qc7 8. g3 e5 9. dxe5 Nxe5 10. Bf4 Nfd7 11. Bg2 g5 12. Ne3 gxf4 13. Nxf5 0-0-0 14. 0-0 Ng6 15. Qc2 a5 16. Ne4 Bb4 17. Rac1 Kb8 18. Rfd1 Nde5 19. Nf6 Qb6 20. Qe4 Rxd1+ 21. Rxd1 Rd8 22. Rxd8+ Qxd8 23. gxf4 Qxf6 24. fxe5 Qxe5 25. Qxe5+ Nxe5 1/2-1/2

[Event "Guayaquil zt 2.3.5"]
[Site "Guayaquil"]
[Date "2012.03.06"]
[Round "3"]
[White "Guerra Tulcan, Lenin"]
[Black "Munoz Sanchez, Jhon Marcelo"]
[Result "1/2-1/2"]
[WhiteElo "2421"]
[BlackElo "2216"]
[PlyCount "89"]
[EventDate "2012.03.05"]
[EventType "swiss"]
[EventRounds "9"]
[EventCountry "ECU"]
[SourceTitle "EXT 2013"]
[Source "ChessBase"]
[SourceDate "2012.11.22"]
[SourceVersion "1"]
[SourceVersionDate "2012.11.22"]
[SourceQuality "1"]

1. e4 c6 2. Nf3 d5 3. exd5 cxd5 4. Ne5 Nc6 5. Bb5 Bd7 6. Bxc6 bxc6 7. d4 Nf6 8. 0-0 e6 9. Be3 Qc7 10. Nd3 Bd6 11. h3 0-0 12. Nd2 Bc8 13. c4 dxc4 14. Nxc4 Ba6 15. Rc1 Bxc4 16. Rxc4 Rfd8 17. Qc2 Nd5 18. Rc1 Ne7 19. Bg5 f6 20. Bd2 Qd7 21. Bb4 Rab8 22. Bxd6 Qxd6 23. Nc5 Nf5 24. Qc3 Rdc8 25. Nb3 Ne7 26. Na5 Rc7 27. Nxc6 Rxc6 28. Rxc6 Qxc6 29. Qxc6 Nxc6 30. Rxc6 Rxb2 31. Rc8+ Kf7 32. Rc7+ Kg6 33. Rxa7 Rb4 34. Re7 Rxd4 35. Rxe6 Rd1+ 36. Kh2 Rd2 37. a4 Rxf2 38. a5 Ra2 39. a6 Kf5 40. Rb6 g5 41. Kg3 h5 42. Rb5+ Kg6 43. Rb6 Kf5 44. Rb5+ Kg6 45. Rb6 1/2-1/2

[Event "Guayaquil Feda 82"]
[Site "Guayaquil"]
[Date "2003.11.01"]
[Round "6"]
[White "Munoz Sanchez, Jhon Marcelo"]
[Black "Munoz Sanchez, Miguel Angel"]
[Result "1/2-1/2"]
[WhiteElo "2404"]
[BlackElo "2442"]
[PlyCount "39"]
[EventDate "2003.10.31"]
[EventType "swiss"]
[EventRounds "9"]
[EventCountry "ECU"]
[SourceTitle "EXT 2005"]
[Source "ChessBase"]
[SourceDate "2004.11.15"]
[SourceVersion "1"]
[SourceVersionDate "2004.11.15"]
[SourceQuality "1"]

1. e4 e6 2. d4 d5 3. exd5 exd5 4. Nc3 c6 5. Bd3 Bd6 6. Nf3 Nf6 7. h3 0-0 8. 0-0 Nbd7 9. Re1 Re8 10. Bg5 h6 11. Bxf6 Nxf6 12. Rxe8+ Qxe8 13. Qd2 Bd7 14. Re1 Qf8 15. Ne5 Re8 16. Nxd7 Nxd7 17. Rxe8 Qxe8 18. Qe2 Qxe2 19. Nxe2 g6 20. g3 1/2-1/2